<?xml version="1.0" encoding="UTF-8"?>
<collection xmlns="http://www.loc.gov/MARC21/slim">
 <record>
  <leader>05875cam a2200985 c 4500</leader>
  <controlfield tag="001">317491903</controlfield>
  <controlfield tag="003">DE-627</controlfield>
  <controlfield tag="005">20260322121132.0</controlfield>
  <controlfield tag="007">tu</controlfield>
  <controlfield tag="008">000725s2000    gw |||||      00| ||ger c</controlfield>
  <datafield tag="015" ind1=" " ind2=" ">
   <subfield code="a">01,A50,1781</subfield>
   <subfield code="2">dnb</subfield>
  </datafield>
  <datafield tag="016" ind1="7" ind2=" ">
   <subfield code="a">960761497</subfield>
   <subfield code="2">DE-101</subfield>
  </datafield>
  <datafield tag="020" ind1=" " ind2=" ">
   <subfield code="a">3422063129</subfield>
   <subfield code="9">3-422-06312-9</subfield>
  </datafield>
  <datafield tag="035" ind1=" " ind2=" ">
   <subfield code="a">(DE-627)317491903</subfield>
  </datafield>
  <datafield tag="035" ind1=" " ind2=" ">
   <subfield code="a">(DE-603)095271074</subfield>
  </datafield>
  <datafield tag="035" ind1=" " ind2=" ">
   <subfield code="a">(DE-576)08943207X</subfield>
  </datafield>
  <datafield tag="035" ind1=" " ind2=" ">
   <subfield code="a">(DE-599)GBV317491903</subfield>
  </datafield>
  <datafield tag="035" ind1=" " ind2=" ">
   <subfield code="a">(OCoLC)231864237</subfield>
  </datafield>
  <datafield tag="035" ind1=" " ind2=" ">
   <subfield code="a">(OCoLC)231864237</subfield>
  </datafield>
  <datafield tag="035" ind1=" " ind2=" ">
   <subfield code="a">(OCoLC)48046132</subfield>
  </datafield>
  <datafield tag="035" ind1=" " ind2=" ">
   <subfield code="a">(DE-604)BV013466979</subfield>
  </datafield>
  <datafield tag="040" ind1=" " ind2=" ">
   <subfield code="a">DE-627</subfield>
   <subfield code="b">ger</subfield>
   <subfield code="c">DE-627</subfield>
   <subfield code="e">rakwb</subfield>
  </datafield>
  <datafield tag="041" ind1=" " ind2=" ">
   <subfield code="a">ger</subfield>
  </datafield>
  <datafield tag="044" ind1=" " ind2=" ">
   <subfield code="c">XA-DE</subfield>
   <subfield code="c">XA-DE-BY</subfield>
  </datafield>
  <datafield tag="050" ind1=" " ind2="0">
   <subfield code="a">N72.P6</subfield>
  </datafield>
  <datafield tag="082" ind1="0" ind2=" ">
   <subfield code="a">704.942</subfield>
   <subfield code="q">BSZ</subfield>
  </datafield>
  <datafield tag="084" ind1=" " ind2=" ">
   <subfield code="a">46</subfield>
   <subfield code="2">sdnb</subfield>
  </datafield>
  <datafield tag="084" ind1=" " ind2=" ">
   <subfield code="a">46</subfield>
   <subfield code="a">63</subfield>
   <subfield code="2">sdnb</subfield>
  </datafield>
  <datafield tag="084" ind1=" " ind2=" ">
   <subfield code="a">9,10</subfield>
   <subfield code="2">ssgn</subfield>
  </datafield>
  <datafield tag="084" ind1=" " ind2=" ">
   <subfield code="a">LH 84160</subfield>
   <subfield code="q">BVB</subfield>
   <subfield code="2">rvk</subfield>
   <subfield code="0">(DE-625)rvk/95285:</subfield>
  </datafield>
  <datafield tag="084" ind1=" " ind2=" ">
   <subfield code="a">NW 7100</subfield>
   <subfield code="q">BVB</subfield>
   <subfield code="2">rvk</subfield>
   <subfield code="0">(DE-625)rvk/132292:</subfield>
  </datafield>
  <datafield tag="084" ind1=" " ind2=" ">
   <subfield code="a">LH 67750</subfield>
   <subfield code="q">BVB</subfield>
   <subfield code="2">rvk</subfield>
   <subfield code="0">(DE-625)rvk/94677:</subfield>
  </datafield>
  <datafield tag="084" ind1=" " ind2=" ">
   <subfield code="a">LH 84180</subfield>
   <subfield code="2">rvk</subfield>
   <subfield code="0">(DE-625)rvk/95289:</subfield>
  </datafield>
  <datafield tag="084" ind1=" " ind2=" ">
   <subfield code="a">LH 65700</subfield>
   <subfield code="2">rvk</subfield>
   <subfield code="0">(DE-625)rvk/94554:</subfield>
  </datafield>
  <datafield tag="084" ind1=" " ind2=" ">
   <subfield code="a">20.24</subfield>
   <subfield code="2">bkl</subfield>
  </datafield>
  <datafield tag="245" ind1="0" ind2="0">
   <subfield code="a">Bildnis, Fürst und Territorium</subfield>
   <subfield code="b">[... Ergebnisse der Tagung &quot;Bildnis, Fürst und Territorium&quot; ... im Frühjahr 1998 auf Schloß Heidecksburg in Rudolstadt ...]</subfield>
   <subfield code="c">hrsg. vom Thüringer Landesmuseum Heidecksburg Rudolstadt. Bearb. von Andreas Beyer. Unter Mitarb. von Ulrich Schütte und Lutz Unbehaun</subfield>
  </datafield>
  <datafield tag="264" ind1=" " ind2="1">
   <subfield code="a">München</subfield>
   <subfield code="a">Berlin</subfield>
   <subfield code="b">Dt. Kunstverl.</subfield>
   <subfield code="c">2000</subfield>
  </datafield>
  <datafield tag="300" ind1=" " ind2=" ">
   <subfield code="a">266 S</subfield>
   <subfield code="b">Ill., graph. Darst., Kt</subfield>
   <subfield code="c">27 cm</subfield>
  </datafield>
  <datafield tag="336" ind1=" " ind2=" ">
   <subfield code="a">Text</subfield>
   <subfield code="b">txt</subfield>
   <subfield code="2">rdacontent</subfield>
  </datafield>
  <datafield tag="337" ind1=" " ind2=" ">
   <subfield code="a">ohne Hilfsmittel zu benutzen</subfield>
   <subfield code="b">n</subfield>
   <subfield code="2">rdamedia</subfield>
  </datafield>
  <datafield tag="338" ind1=" " ind2=" ">
   <subfield code="a">Band</subfield>
   <subfield code="b">nc</subfield>
   <subfield code="2">rdacarrier</subfield>
  </datafield>
  <datafield tag="490" ind1="1" ind2=" ">
   <subfield code="a">Rudolstädter Forschungen zur Residenzkultur</subfield>
   <subfield code="v">2</subfield>
  </datafield>
  <datafield tag="500" ind1=" " ind2=" ">
   <subfield code="a">Literaturangaben</subfield>
  </datafield>
  <datafield tag="505" ind1="8" ind2=" ">
   <subfield code="a">Literaturangaben</subfield>
  </datafield>
  <datafield tag="583" ind1="1" ind2=" ">
   <subfield code="a">Archivierung/Langzeitarchivierung gewährleistet</subfield>
   <subfield code="f">SSG</subfield>
   <subfield code="x">XA-DE-BW</subfield>
   <subfield code="2">pdager</subfield>
   <subfield code="5">DE-16</subfield>
  </datafield>
  <datafield tag="648" ind1=" " ind2="7">
   <subfield code="a">Geschichte 1350-1750</subfield>
   <subfield code="2">gnd</subfield>
  </datafield>
  <datafield tag="650" ind1="0" ind2="7">
   <subfield code="0">(DE-588)4123373-6</subfield>
   <subfield code="0">(DE-627)104475978</subfield>
   <subfield code="0">(DE-576)209559195</subfield>
   <subfield code="a">Herrscherbildnis</subfield>
   <subfield code="2">gnd</subfield>
  </datafield>
  <datafield tag="650" ind1="0" ind2="7">
   <subfield code="0">(DE-588)4659007-9</subfield>
   <subfield code="0">(DE-627)336496990</subfield>
   <subfield code="0">(DE-576)214750817</subfield>
   <subfield code="a">Territorium</subfield>
   <subfield code="g">Motiv</subfield>
   <subfield code="2">gnd</subfield>
  </datafield>
  <datafield tag="650" ind1=" " ind2="4">
   <subfield code="a">Art</subfield>
   <subfield code="x">Political aspects</subfield>
   <subfield code="x">Europe</subfield>
   <subfield code="x">Congresses</subfield>
  </datafield>
  <datafield tag="650" ind1=" " ind2="4">
   <subfield code="a">Boundaries in art</subfield>
   <subfield code="x">Congresses</subfield>
  </datafield>
  <datafield tag="650" ind1=" " ind2="4">
   <subfield code="a">Kings and rulers in art</subfield>
   <subfield code="x">Congresses</subfield>
  </datafield>
  <datafield tag="650" ind1=" " ind2="4">
   <subfield code="a">Portraits</subfield>
   <subfield code="x">Political aspects</subfield>
   <subfield code="x">Europe</subfield>
   <subfield code="x">Congresses</subfield>
  </datafield>
  <datafield tag="650" ind1=" " ind2="4">
   <subfield code="a">Kongress</subfield>
  </datafield>
  <datafield tag="655" ind1=" " ind2="7">
   <subfield code="a">Konferenzschrift</subfield>
   <subfield code="y">1998</subfield>
   <subfield code="z">Rudolstadt</subfield>
   <subfield code="0">(DE-588)1071861417</subfield>
   <subfield code="0">(DE-627)826484824</subfield>
   <subfield code="0">(DE-576)433375485</subfield>
   <subfield code="2">gnd-content</subfield>
  </datafield>
  <datafield tag="689" ind1="0" ind2="0">
   <subfield code="d">s</subfield>
   <subfield code="0">(DE-588)4123373-6</subfield>
   <subfield code="0">(DE-627)104475978</subfield>
   <subfield code="0">(DE-576)209559195</subfield>
   <subfield code="a">Herrscherbildnis</subfield>
   <subfield code="2">gnd</subfield>
  </datafield>
  <datafield tag="689" ind1="0" ind2="1">
   <subfield code="d">s</subfield>
   <subfield code="0">(DE-588)4659007-9</subfield>
   <subfield code="0">(DE-627)336496990</subfield>
   <subfield code="0">(DE-576)214750817</subfield>
   <subfield code="a">Territorium</subfield>
   <subfield code="g">Motiv</subfield>
   <subfield code="2">gnd</subfield>
  </datafield>
  <datafield tag="689" ind1="0" ind2="2">
   <subfield code="a">z</subfield>
   <subfield code="2">gnd</subfield>
   <subfield code="a">Geschichte 1350-1750</subfield>
  </datafield>
  <datafield tag="689" ind1="0" ind2=" ">
   <subfield code="5">DE-101</subfield>
  </datafield>
  <datafield tag="700" ind1="1" ind2=" ">
   <subfield code="a">Beyer, Andreas</subfield>
   <subfield code="d">1957-</subfield>
   <subfield code="e">Bearb.</subfield>
   <subfield code="0">(DE-588)122037359</subfield>
   <subfield code="0">(DE-627)081697546</subfield>
   <subfield code="0">(DE-576)293060983</subfield>
   <subfield code="4">adp</subfield>
  </datafield>
  <datafield tag="700" ind1="1" ind2=" ">
   <subfield code="a">Schütte, Ulrich</subfield>
   <subfield code="4">oth</subfield>
  </datafield>
  <datafield tag="700" ind1="1" ind2=" ">
   <subfield code="a">Unbehaun, Lutz</subfield>
   <subfield code="d">1955-</subfield>
   <subfield code="0">(DE-588)120863464</subfield>
   <subfield code="0">(DE-627)080933742</subfield>
   <subfield code="0">(DE-576)167634860</subfield>
   <subfield code="4">oth</subfield>
  </datafield>
  <datafield tag="710" ind1="2" ind2=" ">
   <subfield code="a">Thüringer Landesmuseum Heidecksburg</subfield>
   <subfield code="0">(DE-588)5083911-1</subfield>
   <subfield code="0">(DE-627)126532370</subfield>
   <subfield code="0">(DE-576)194437965</subfield>
   <subfield code="4">oth</subfield>
  </datafield>
  <datafield tag="787" ind1="0" ind2="8">
   <subfield code="i">Rezensiert in</subfield>
   <subfield code="a">Hattendorff, Claudia, 1963 - </subfield>
   <subfield code="t">[Rezension von: Andreas Beyer (Bearb.), Bildnis, Fürst und Territorium]</subfield>
   <subfield code="d">2002</subfield>
   <subfield code="w">(DE-627)1921127066</subfield>
  </datafield>
  <datafield tag="787" ind1="0" ind2="8">
   <subfield code="i">Rezensiert in</subfield>
   <subfield code="w">(DE-603)34118473X</subfield>
  </datafield>
  <datafield tag="830" ind1=" " ind2="0">
   <subfield code="a">Rudolstädter Forschungen zur Residenzkultur</subfield>
   <subfield code="v">2</subfield>
   <subfield code="9">2</subfield>
   <subfield code="w">(DE-627)344915115</subfield>
   <subfield code="w">(DE-576)072397489</subfield>
   <subfield code="w">(DE-600)2074255-1</subfield>
   <subfield code="7">am</subfield>
  </datafield>
  <datafield tag="856" ind1="4" ind2="2">
   <subfield code="u">https://swbplus.bsz-bw.de/bsz08943207xrez.htm</subfield>
   <subfield code="m">B:DE-576;DE-16</subfield>
   <subfield code="q">application/pdf</subfield>
   <subfield code="v">20081106095436</subfield>
   <subfield code="x">Verlag</subfield>
   <subfield code="3">Rezension</subfield>
   <subfield code="7">1</subfield>
  </datafield>
  <datafield tag="856" ind1="4" ind2="2">
   <subfield code="u">https://swbplus.bsz-bw.de/bsz08943207xinh.htm</subfield>
   <subfield code="m">B:DE-576;DE-16</subfield>
   <subfield code="q">application/pdf</subfield>
   <subfield code="v">20090427203055</subfield>
   <subfield code="x">Verlag</subfield>
   <subfield code="3">Inhaltsverzeichnis</subfield>
   <subfield code="7">1</subfield>
  </datafield>
  <datafield tag="856" ind1="4" ind2="2">
   <subfield code="u">http://www.sehepunkte.de/2002/02/3495.html</subfield>
   <subfield code="m">V:DE-576;X:Sehepunkte</subfield>
   <subfield code="q">text/html</subfield>
   <subfield code="v">20180423160603</subfield>
   <subfield code="3">Rezension</subfield>
   <subfield code="7">1</subfield>
  </datafield>
  <datafield tag="856" ind1="4" ind2="2">
   <subfield code="u">http://scans.hebis.de/HEBCGI/show.pl?09527107_rez.pdf</subfield>
   <subfield code="m">V:DE-576;B:DE-16</subfield>
   <subfield code="q">application/pdf</subfield>
   <subfield code="3">Rezension</subfield>
   <subfield code="7">1</subfield>
  </datafield>
  <datafield tag="856" ind1="4" ind2="2">
   <subfield code="u">http://scans.hebis.de/HEBCGI/show.pl?09527107_toc.pdf</subfield>
   <subfield code="m">V:DE-576;B:DE-16</subfield>
   <subfield code="q">application/pdf</subfield>
   <subfield code="3">Inhaltsverzeichnis</subfield>
   <subfield code="7">1</subfield>
  </datafield>
  <datafield tag="935" ind1=" " ind2=" ">
   <subfield code="i">Blocktest</subfield>
  </datafield>
  <datafield tag="936" ind1="r" ind2="v">
   <subfield code="a">LH 84160</subfield>
   <subfield code="b">Allgemeines</subfield>
   <subfield code="k">Kunstgeschichte</subfield>
   <subfield code="k">Allgemeines. Allgemeine Kunstgeschichte</subfield>
   <subfield code="k">Kunstgeschichte einzelner Gattungen der Kunst</subfield>
   <subfield code="k">Ikonographie, Ikonologie</subfield>
   <subfield code="k">Weltliche Ikonographie</subfield>
   <subfield code="k">Der Mensch</subfield>
   <subfield code="k">Porträt (auch szenisches Bildnis)</subfield>
   <subfield code="k">Allgemeines</subfield>
   <subfield code="0">(DE-627)1270654047</subfield>
   <subfield code="0">(DE-625)rvk/95285:</subfield>
   <subfield code="0">(DE-576)200654047</subfield>
  </datafield>
  <datafield tag="936" ind1="r" ind2="v">
   <subfield code="a">NW 7100</subfield>
   <subfield code="b">Adel, Ritter, Ministerialität</subfield>
   <subfield code="k">Geschichte</subfield>
   <subfield code="k">Wirtschafts- und Sozialgeschichte</subfield>
   <subfield code="k">Spezielle Sozialgeschichte</subfield>
   <subfield code="k">Einzelne Stände und Gesellschaftsgruppen</subfield>
   <subfield code="k">Adel, Ritter, Ministerialität</subfield>
   <subfield code="0">(DE-627)1271310694</subfield>
   <subfield code="0">(DE-625)rvk/132292:</subfield>
   <subfield code="0">(DE-576)201310694</subfield>
  </datafield>
  <datafield tag="936" ind1="r" ind2="v">
   <subfield code="a">LH 67750</subfield>
   <subfield code="b">allgemein</subfield>
   <subfield code="k">Kunstgeschichte</subfield>
   <subfield code="k">Allgemeines. Allgemeine Kunstgeschichte</subfield>
   <subfield code="k">Kunstgeschichte einzelner Gattungen der Kunst</subfield>
   <subfield code="k">Architektur</subfield>
   <subfield code="k">Ordnung nach Aufgaben</subfield>
   <subfield code="k">Residenz, Palast, Schloss</subfield>
   <subfield code="k">allgemein</subfield>
   <subfield code="0">(DE-627)1271106418</subfield>
   <subfield code="0">(DE-625)rvk/94677:</subfield>
   <subfield code="0">(DE-576)201106418</subfield>
  </datafield>
  <datafield tag="936" ind1="r" ind2="v">
   <subfield code="a">LH 84180</subfield>
   <subfield code="b">Allgemeines</subfield>
   <subfield code="k">Kunstgeschichte</subfield>
   <subfield code="k">Allgemeines. Allgemeine Kunstgeschichte</subfield>
   <subfield code="k">Kunstgeschichte einzelner Gattungen der Kunst</subfield>
   <subfield code="k">Ikonographie, Ikonologie</subfield>
   <subfield code="k">Weltliche Ikonographie</subfield>
   <subfield code="k">Der Mensch</subfield>
   <subfield code="k">Die Stände</subfield>
   <subfield code="k">Allgemeines</subfield>
   <subfield code="0">(DE-627)1271121956</subfield>
   <subfield code="0">(DE-625)rvk/95289:</subfield>
   <subfield code="0">(DE-576)201121956</subfield>
  </datafield>
  <datafield tag="936" ind1="r" ind2="v">
   <subfield code="a">LH 65700</subfield>
   <subfield code="b">Neuzeit insgesamt</subfield>
   <subfield code="k">Kunstgeschichte</subfield>
   <subfield code="k">Allgemeines. Allgemeine Kunstgeschichte</subfield>
   <subfield code="k">Allgemeine Kunstgeschichte: Darstellungen</subfield>
   <subfield code="k">Darstellungen einzelner Epochen</subfield>
   <subfield code="k">Mittlere und neuere Kunstgeschichte</subfield>
   <subfield code="k">Neuzeit</subfield>
   <subfield code="k">Neuzeit insgesamt</subfield>
   <subfield code="0">(DE-627)1270643258</subfield>
   <subfield code="0">(DE-625)rvk/94554:</subfield>
   <subfield code="0">(DE-576)200643258</subfield>
  </datafield>
  <datafield tag="936" ind1="b" ind2="k">
   <subfield code="a">20.24</subfield>
   <subfield code="j">Gesellschaft</subfield>
   <subfield code="j">Kultur</subfield>
   <subfield code="x">Ikonographie</subfield>
   <subfield code="0">(DE-627)106423622</subfield>
  </datafield>
  <datafield tag="936" ind1="s" ind2="n">
   <subfield code="a">l300</subfield>
   <subfield code="2">mzub</subfield>
  </datafield>
  <datafield tag="936" ind1="s" ind2="n">
   <subfield code="a">n100</subfield>
   <subfield code="2">mzub</subfield>
  </datafield>
  <datafield tag="951" ind1=" " ind2=" ">
   <subfield code="a">BO</subfield>
  </datafield>
  <datafield tag="990" ind1=" " ind2=" ">
   <subfield code="a">Herrscherbildnis</subfield>
  </datafield>
  <datafield tag="990" ind1=" " ind2=" ">
   <subfield code="a">Territorium</subfield>
  </datafield>
  <datafield tag="990" ind1=" " ind2=" ">
   <subfield code="a">Geschichte 1350-1750</subfield>
  </datafield>
  <datafield tag="991" ind1=" " ind2=" ">
   <subfield code="a">Rezensiertes Werk</subfield>
  </datafield>
  <datafield tag="999" ind1=" " ind2=" ">
   <subfield code="a">KXP-PPN317491903</subfield>
   <subfield code="e">4946332006</subfield>
  </datafield>
 </record>
</collection>
